Filme Bilder KI Teil 2 - Statistiken

Allgemein
  • Dieses Quiz wurde 3.792 mal gespielt
  • Das Durchschnittsergebnis liegt bei 11 aus 20
Antwortstatistiken
Bildquiz Antwort % Korrekt
Titanic
97%
Batman
96%
Der König der Löwen
95%
Joker
94%
Die Mumie
89%
Jurassic World
79%
Gladiator
77%
Emoji - Der Film
73%
Das Schweigen der Lämmer
69%
The Kissing Booth
53%
Pixels
52%
The Ring
52%
Knives Out
43%
Aquaman
39%
Step Up
35%
Star Wars
29%
Die wilden Hühner
24%
Rush Hour
12%
Escape Room
8%
Im Hohen Gras
7%
Keine übereinstimmenden Quizze gefunden
Verteilung der Resultate
Anzahl Personen mit jedem Resultat
Perzentil nach korrekt beantworteten Fragen
Ihre Resultats-Entwicklung
Sie haben dieses Quiz noch nicht gespielt